Statistiche per Quiz sulla Dominica

Clicka qui per fare il quiz!

Statistiche generali

  • Questo quiz è stato fatto 235 volte
  • Il punteggio medio è 10 su 15

Statistiche sulle risposte

HintRisposta% Corretto
Lingua ufficialeInglese
97%
Mare che bagna la DominicaMar dei Caraibi
96%
Arcipelago di cui la Dominica fa partePiccole {Antille}
94%
Frutta che rappresenta oltre il 39% delle esportazioni totaliBanana
80%
Per la sua particolare tassazione la Dominica è considerata un _________ _________P{aradiso} F{iscale}
79%
CapitaleRoseau
79%
Dipartimento francese d'oltremare appena a sud della DominicaMartinica
77%
Dominica e Nicaragua sono gli unici paesi ad avere questo colore sulla loro bandieraViola
71%
Uccello nazionale che appare sulla bandieraPappagallo
62%
Dipartimento francese d'oltremare appena a nord della DominicaGuadaloupe
58%
L'isola è divisa in 10 di queste divisioni amministrativeP{arrocchie}
50%
Il 16% delle entrate del governo proviene dalla vendita di questo prodotto a persone facoltosePassaporto
35%
La Dominica è il paese in cui è più probabile vedere questo mammifero marinoCapodoglio
31%
Nella Dominica si trova questo "lago di vapore", il secondo più grande al mondo di questo tipo{Boiling} Lake
29%
La maggiore comunità dei discendenti della popolazione autoctona che popolava i Caraibi prima del 1492 (2.500 individui) risiede in questa piccola parte dell'isolaTerritorio K{alinago}
26%

Distribuzione punteggi

Percentile per numero di risposta

Percentuale di utenti per punteggio

I tuoi punteggi nel tempo

Non hai fatto questo quiz